00561nam a2200205Ia 450000500170000000800410001702000310005804000190008904100120010808200160012010000180013624500700015425000120022426000260023630000180026250400190028065000230029970000230032285000100034520230628103507.0131103s9999 xx 000 0 und d a9781138944176c₹ 3040.00 aLoreto College aEnglish a942.06bCOW aCoward, Barry 4aThe stuart ageb England,1603-1714 cBarry Coward and Peter Gaunt a5th ed. aOxonbRoutledgec2017 a181p.b 20cm. aIncludes index aHistory of England 4AuthaGaunt, Peter aLCLIB